時光當舖 . 思念物的繾綣 . 2
| 資料類型: | 圖書 | 書目號: | 51730 |
Leader xxxxxxxxxx 001 __ 102496/3/01 005 __ 20171120175619.745 010 0_ |a9789571060132|b第2冊 : 平裝|d新臺幣220元 042 __ |anbim 100 __ |a20171120d2015 k y0chiy50 e 101 0_ |achi 102 __ |atw 105 __ |aa z 000ay 200 1_ |a時光當舖|dThe time pawnshop|h2|i思念物的繾綣|f千川作 205 __ |a1版 210 __ |a臺北市|c尖端出版|c家庭傳媒城邦分公司發行|d2015[民104] 215 0_ |a268面|c部份彩圖|d21公分 225 12 |a翼想本 510 1_ |aThe time pawnshop|zeng 517 1_ |a思念物的繾綣|zchi 606 __ |2cst|a小說 681 __ |a857.7|b877 v.2 700 _0 |a千川|4作 801 _0 |atw|bLibDipper|c20171120|gCCR |